Random - Square the given Number: - Statistics

General Stats
  • This quiz has been taken 36 times
  • The average score is 8 of 10
Answer Stats
Number Square % Correct
34 1156
100%
37 1369
100%
12 144
100%
40` 1600
100%
13 169
100%
43 1849
100%
15 225
100%
48 2304
100%
5 25
100%
50 2500
100%
6 36
100%
20 400
100%
35 1225
50%
28 784
50%
1 1
0%
10 100
0%
32 1024
0%
33 1089
0%
11 121
0%
35 1225
0%
36 1296
0%
38 1444
0%
39 1521
0%
4 16
0%
4 16
0%
40 1600
0%
41 1681
0%
42 1764
0%
44 1936
0%
14 196
0%
45 2025
0%
45 2025
0%
46 2116
0%
47 2209
0%
15 225
0%
49 2401
0%
5 25
0%
50 2500
0%
16 256
0%
17 289
0%
6 36
0%
60 3600
0%
2 4
0%
21 441
0%
22 484
0%
7 49
0%
7 49
0%
70 4900
0%
23 529
0%
24 576
0%
25 625
0%
25 625
0%
8 64
0%
8 64
0%
26 676
0%
27 729
0%
9 81
0%
9 81
0%
29 841
0%
3 9
0%
3 9
0%
30 900
0%
31 961
0%
No matching quizzes found
Score Distribution
Percent of People with Each Score
Percentile by Number Answered
Your Score History
You have not taken this quiz